Solar energy: fundamentals and applications (Record no. 76644)
[ view plain ]
| 000 -LEADER | |
|---|---|
| fixed length control field | 00881nam a2200193 a 4500 |
| 008 - FIXED-LENGTH DATA ELEMENTS--GENERAL INFORMATION | |
| fixed length control field | 120416s2000 ||||||||||||||||| || u |
| 020 ## - INTERNATIONAL STANDARD BOOK NUMBER | |
| International Standard Book Number | 0074636316 |
| 050 ## - LIBRARY OF CONGRESS CALL NUMBER | |
| Classification number | TJ 810 Pra |
| 100 ## - MAIN ENTRY--PERSONAL NAME | |
| Personal name | Prakash, J |
| 245 10 - TITLE STATEMENT | |
| Title | Solar energy: fundamentals and applications |
| 250 ## - EDITION STATEMENT | |
| Edition statement | 1st rev. e |
| 260 ## - PUBLICATION, DISTRIBUTION, ETC. | |
| Place of publication, distribution, etc. | New Delhi |
| Name of publisher, distributor, etc. | Tata McGraw-Hill |
| Date of publication, distribution, etc. | 2000 |
| 350 ## - | |
| -- | 0.00 |
| 650 ## - SUBJECT ADDED ENTRY--TOPICAL TERM | |
| Topical term or geographic name entry element | ENERGY |
| 650 ## - SUBJECT ADDED ENTRY--TOPICAL TERM | |
| Topical term or geographic name entry element | SOLAR ENERGY |
| 995 ## - | |
| -- | MAIN LIBRARY OPEN ACCESS |
| -- | 0.00 |
| -- | 732318 |
| -- | CBU-MAIN LIBRARY (Kitwe) |
| -- | 1 |
| -- | 40.00 |
| -- | TJ 810 Pra |
| -- | 1 |
| -- | AVAILABLE |
| -- | 029560 |
| -- | Main Library Open Access Collection |
| 995 ## - | |
| -- | MAIN LIBRARY OPEN ACCESS |
| -- | 0.00 |
| -- | 732319 |
| -- | CBU-MAIN LIBRARY (Kitwe) |
| -- | 2 |
| -- | 40.00 |
| -- | TJ 810 Pra |
| -- | 2 |
| -- | AVAILABLE |
| -- | 029558 |
| -- | Main Library Open Access Collection |
| 995 ## - | |
| -- | ANNEX COLLECTION (Main Library) |
| -- | 0.00 |
| -- | 732319 |
| -- | CBU-MAIN LIBRARY (Kitwe) |
| -- | 3 |
| -- | 40.00 |
| -- | TJ 810 Pra |
| -- | AVAILABLE |
| -- | 029559 |
| -- | Annex Low-Usage Collection |
| 999 ## - | |
| -- | 76644 |
| -- | 76644 |
| Withdrawn status | Lost status | Source of classification or shelving scheme | Damaged status | Not for loan | Permanent Location | Current Location | Shelving location | Date acquired | Total Checkouts | Full call number | Barcode | Date last seen | Copy number | Price effective from | Koha item type |
|---|---|---|---|---|---|---|---|---|---|---|---|---|---|---|---|
| CBU-MAIN LIBRARY, KITWE. | CBU-MAIN LIBRARY, KITWE. | 04/25/2023 | TJ 810 Pra | 029560 | 04/25/2023 | 1 | 04/25/2023 | MONOGRAPH | |||||||
| CBU-MAIN LIBRARY, KITWE. | CBU-MAIN LIBRARY, KITWE. | 04/25/2023 | TJ 810 Pra | 029558 | 04/25/2023 | 2 | 04/25/2023 | MONOGRAPH | |||||||
| CBU-MAIN LIBRARY, KITWE. | CBU-MAIN LIBRARY, KITWE. | 04/25/2023 | TJ 810 Pra | 029559 | 04/25/2023 | 3 | 04/25/2023 | MONOGRAPH |